[Event "Villa Ballester op 73rd"]
[Site "Buenos Aires"]
[Date "2024.01.19"]
[Round "1"]
[White "Barrionuevo, Pablo"]
[Black "Gomez Martinez, Juan Carlos"]
[Result "1-0"]
[WhiteElo "2200"]
[BlackElo "1705"]
[PlyCount "34"]
[EventDate "2024.01.19"]
[EventType "swiss"]
[EventRounds "9"]
[EventCountry "ARG"]
[SourceTitle "CB06_2024"]
[SourceDate "2024.02.07"]
[SourceVersion "1"]
[SourceVersionDate "2024.02.07"]
[SourceQuality "1"]

1. d4 Nf6 2. Nf3 d6 3. Nc3 g6 4. e4 Nbd7 5. e5 dxe5 6. dxe5 Ng4 7. e6 fxe6 8. Ng5 Nde5 9. Qxd8+ Kxd8 10. h3 Nh6 11. Bf4 Nef7 12. 0-0-0+ Nd6 13. Bc4 Bg7 14. Bxe6 Bd7 15. Rhe1 Nhf5 16. Nf7+ Nxf7 17. Rxd7+ Ke8 1-0

[Event "Titled Tuesday intern op 20th Jun Late"]
[Site "Chess.com INT"]
[Date "2023.06.20"]
[Round "7"]
[White "Barrionuevo, Pablo"]
[Black "Ionescu, Mihai"]
[Result "0-1"]
[WhiteElo "2218"]
[BlackElo "2243"]
[PlyCount "150"]
[EventDate "2023.06.20"]
[EventType "swiss (blitz)"]
[EventRounds "11"]
[EventCountry "USA"]
[SourceTitle "EXT 2024"]
[Source "ChessBase"]
[SourceDate "2023.10.10"]
[SourceVersion "1"]
[SourceVersionDate "2023.10.10"]
[SourceQuality "1"]

1. d4 d5 2. Nf3 Nf6 3. Bg5 Ne4 4. Bh4 c5 5. c3 Qb6 6. Qb3 c4 7. Qc2 Bf5 8. Qc1 e6 9. Nbd2 Nc6 10. Nxe4 Bxe4 11. Nd2 Bg6 12. e4 Be7 13. Bxe7 Nxe7 14. Be2 0-0 15. 0-0 Qc6 16. exd5 exd5 17. Bf3 b5 18. b3 Rac8 19. bxc4 bxc4 20. Qa3 Nf5 21. g3 Nd6 22. Rfe1 Rfe8 23. Rxe8+ Rxe8 24. Qxa7 Nb5 25. Qa5 Ra8 26. Qb4 Na3 27. Qb2 h6 28. Re1 Kh7 29. Re5 Ra5 30. Rxd5 Rxd5 31. Qxa3 Qd6 32. Nxc4 Qxa3 33. Nxa3 Ra5 34. Nc4 Rxa2 35. Ne5 Bf5 36. g4 Be6 37. d5 Bc8 38. c4 f6 39. Be4+ Kg8 40. Nc6 Bxg4 41. Kg2 Ra3 42. f3 Bd7 43. Nb8 Bc8 44. d6 Ra7 45. c5 f5 46. Bd5+ Kf8 47. c6 Ke8 48. d7+ Kd8 49. dxc8Q+ Kxc8 50. Nd7 Kc7 51. Nf8 Kd6 52. Be6 Ra8 53. Bxf5 Rxf8 54. Bd7 Rf4 55. Kg3 Rc4 56. f4 Ke7 57. Kg4 Kf6 58. h4 Rc3 59. h5 g6 60. hxg6 Kxg6 61. f5+ Kf6 62. Kf4 h5 63. Ke4 h4 64. Kd4 Rc1 65. Kd5 h3 66. Kd6 h2 67. c7 h1Q 68. c8Q Rxc8 69. Bxc8 Qe4 70. Be6 Qe5+ 71. Kc6 Ke7 72. Kb6 Kd6 73. Kb7 Qc5 74. Kb8 Qc7+ 75. Ka8 Kc5 0-1

[Event "ARG-chT"]
[Site "Villa Martelli"]
[Date "2022.08.27"]
[Round "3.3"]
[White "Barrionuevo, Pablo"]
[Black "Aranda, Juan Manuel"]
[Result "1-0"]
[WhiteElo "2248"]
[BlackElo "2201"]
[PlyCount "187"]
[EventDate "2022.08.26"]
[EventType "team-swiss"]
[EventRounds "8"]
[EventCountry "ARG"]
[SourceTitle "EXT 2023"]
[Source "ChessBase"]
[SourceDate "2022.10.05"]
[SourceVersion "1"]
[SourceVersionDate "2022.10.05"]
[SourceQuality "1"]
[WhiteTeam "San Isidro"]
[BlackTeam "Ferro Carril Oeste"]
[WhiteTeamCountry "ARG"]
[BlackTeamCountry "ARG"]

1. d4 d6 2. e4 Nf6 3. Nc3 g6 4. f4 Bg7 5. Nf3 0-0 6. e5 Nfd7 7. h4 c5 8. h5 cxd4 9. hxg6 dxc3 10. gxf7+ Rxf7 11. Bc4 e6 12. Ng5 Nxe5 13. Qh5 h6 14. fxe5 hxg5 15. Qh7+ Kf8 16. Qh8+ Bxh8 17. Rxh8+ Kg7 18. Rxd8 Nc6 19. Rxd6 Nxe5 20. Bb3 Bd7 21. bxc3 Bb5 22. Be3 Rf1+ 23. Kd2 Rxa1 24. Bd4 Bc6 25. Bxe5+ Kf7 26. Rxe6 Rd8+ 27. Ke2 Bb5+ 28. Kf2 Rf1+ 29. Kg3 Kf8 30. Rg6 Be8 31. Bd6+ Rxd6 32. Rxd6 Bc6 33. Rd2 Ke7 34. Kg4 Rg1 35. g3 Bd7+ 36. Kf3 a5 37. Bd5 Rf1+ 38. Kg2 Ra1 39. Kf2 a4 40. Ke3 Be6 41. Rd4 Bxd5 42. Rxd5 Rxa2 43. Kd2 Kf6 44. Rb5 a3 45. Rxb7 Rb2 46. Ra7 a2 47. Ra5 g4 48. c4 Rb4 49. Kc3 Rb1 50. Rxa2 Rg1 51. Kd4 Rxg3 52. Ra6+ Ke7 53. Ra7+ Ke6 54. Ra6+ Ke7 55. c5 Rg2 56. c3 Rd2+ 57. Ke5 g3 58. Rg6 Kd7 59. Rxg3 Kc6 60. Rg8 Rd5+ 61. Ke4 Rxc5 62. Kd4 Rd5+ 63. Kc4 Rc5+ 64. Kb3 Rb5+ 65. Kc2 Rh5 66. Rc8+ Kb7 67. Rc4 Rh1 68. Rg4 Kc6 69. Kb3 Rb1+ 70. Kc4 Rc1 71. Rg6+ Kc7 72. Kb4 Rf1 73. c4 Rf7 74. Kb5 Kb7 75. c5 Rh7 76. Rb6+ Kc7 77. Ra6 Rh2 78. Ra7+ Kb8 79. Re7 Rb2+ 80. Kc6 Rc2 81. Re8+ Ka7 82. Kd6 Rd2+ 83. Kc7 Rf2 84. Re7 Rc2 85. c6 Ka6 86. Re8 Ka7 87. Re3 Ka6 88. Rb3 Rc4 89. Rb1 Rc3 90. Ra1+ Kb5 91. Kb7 Rf3 92. c7 Rf7 93. Rb1+ Ka5 94. Kb8 1-0

[Event "ARG-chT"]
[Site "Villa Martelli"]
[Date "2022.08.27"]
[Round "2.4"]
[White "Barrionuevo, Pablo"]
[Black "Suppo, Ariel"]
[Result "1-0"]
[WhiteElo "2248"]
[BlackElo "1952"]
[PlyCount "85"]
[EventDate "2022.08.26"]
[EventType "team-swiss"]
[EventRounds "8"]
[EventCountry "ARG"]
[SourceTitle "EXT 2023"]
[Source "ChessBase"]
[SourceDate "2022.10.05"]
[SourceVersion "1"]
[SourceVersionDate "2022.10.05"]
[SourceQuality "1"]
[WhiteTeam "San Isidro"]
[BlackTeam "Villa Ballester"]
[WhiteTeamCountry "ARG"]
[BlackTeamCountry "ARG"]

1. d4 Nf6 2. c4 e6 3. Nf3 d5 4. g3 Be7 5. Bg2 0-0 6. 0-0 dxc4 7. Qc2 b5 8. a4 Bb7 9. axb5 a6 10. Nc3 Nd5 11. Nxd5 exd5 12. bxa6 Nxa6 13. Bf4 c5 14. h4 Qb6 15. Be3 Nb4 16. Qd2 cxd4 17. Nxd4 Bc5 18. h5 h6 19. Rfd1 Rxa1 20. Rxa1 Ra8 21. Rxa8+ Bxa8 22. Nf5 Bxe3 23. Nxe3 Qc5 24. Qc3 Na6 25. Nxc4 d4 26. Qa5 Bxg2 27. Qxc5 Nxc5 28. Kxg2 Nb3 29. Kf3 Kf8 30. Ke4 Ke7 31. Kd3 Ke6 32. Nd2 Nc1+ 33. Kxd4 Nxe2+ 34. Kc4 g6 35. hxg6 fxg6 36. Nf3 Kd6 37. Nh4 Ng1 38. Nxg6 Nh3 39. f4 Nf2 40. Kd4 h5 41. Nh4 Nh1 42. Nf5+ Kc6 43. Ke3 1-0

[Event "ARG-ch 96th"]
[Site "Buenos Aires"]
[Date "2022.06.05"]
[Round "4"]
[White "Perez Ponsa, Federico"]
[Black "Barrionuevo, Pablo"]
[Result "1-0"]
[WhiteElo "2553"]
[BlackElo "2267"]
[PlyCount "85"]
[EventDate "2022.06.02"]
[EventType "swiss"]
[EventRounds "11"]
[EventCountry "ARG"]
[SourceTitle "CBM 208 Extra"]
[Source "ChessBase"]
[SourceDate "2022.07.31"]
[SourceVersion "1"]
[SourceVersionDate "2022.07.31"]
[SourceQuality "1"]

1. d4 d5 2. c4 e6 3. Nf3 c5 4. e3 Nf6 5. cxd5 exd5 6. Bb5+ Bd7 7. Bxd7+ Nbxd7 8. dxc5 Nxc5 9. 0-0 Be7 10. Nc3 0-0 11. b3 Nce4 12. Ne2 Bc5 13. Nfd4 Re8 14. Bb2 a6 15. Nf4 Qd7 16. Rc1 Ba7 17. h3 Rad8 18. Nh5 Bb8 19. Nxf6+ Nxf6 20. Qf3 Be5 21. Ba1 Ne4 22. Qg4 Qxg4 23. hxg4 g6 24. f3 Nf6 25. Rc2 Nd7 26. Kf2 Bd6 27. Ne2 Be5 28. Bd4 Bxd4 29. Nxd4 Ne5 30. Ke2 Re7 31. Rfc1 Rdd7 32. Rc8+ Kg7 33. Kd2 f6 34. R1c5 Nf7 35. a4 h6 36. Rb8 Kh7 37. Rcc8 Re5 38. f4 Re4 39. f5 Rxg4 40. Ne6 Rxg2+ 41. Ke1 Re7 42. Rg8 h5 43. fxg6+ 1-0

[Event "ARG-ch 96th"]
[Site "Buenos Aires"]
[Date "2022.06.04"]
[Round "3"]
[White "Barrionuevo, Pablo"]
[Black "Massaferro, Cristian"]
[Result "1-0"]
[WhiteElo "2267"]
[BlackElo "1840"]
[PlyCount "83"]
[EventDate "2022.06.02"]
[EventType "swiss"]
[EventRounds "11"]
[EventCountry "ARG"]
[SourceTitle "CBM 208 Extra"]
[Source "ChessBase"]
[SourceDate "2022.07.31"]
[SourceVersion "1"]
[SourceVersionDate "2022.07.31"]
[SourceQuality "1"]

1. d4 d5 2. c4 e6 3. Nf3 Nf6 4. Nc3 dxc4 5. g3 Bb4 6. Bg2 0-0 7. 0-0 Nc6 8. Qa4 a6 9. Ne5 Nxe5 10. Qxb4 Qxd4 11. Bf4 Nc6 12. Bxc6 bxc6 13. Bxc7 Nd5 14. Qa5 Nxc3 15. bxc3 Qe4 16. Rfe1 Bb7 17. Rab1 c5 18. f3 Qc6 19. Red1 Rac8 20. Be5 f6 21. Rd6 Qe8 22. Rxb7 fxe5 23. Rdd7 Qg6 24. Qxa6 Kh8 25. Qxc4 Rg8 26. a4 Ra8 27. Qxc5 e4 28. a5 exf3 29. exf3 e5 30. Qxe5 Rae8 31. Re7 Rd8 32. Qe2 Qg5 33. Rbd7 Rxd7 34. Rxd7 Qxa5 35. Qd2 h6 36. Qd4 Qa1+ 37. Kg2 Qa2+ 38. Qd2 Qa8 39. c4 Rf8 40. Qc3 Rf6 41. Qd3 Qa2+ 42. Kh3 1-0

[Event "Titled Tuesday intern op 09th Nov"]
[Site "Chess.com INT"]
[Date "2021.11.09"]
[Round "7"]
[White "Barrionuevo, Pablo"]
[Black "Svicevic, Rastko"]
[Result "0-1"]
[WhiteElo "2259"]
[BlackElo "2223"]
[PlyCount "76"]
[EventDate "2021.11.09"]
[EventType "swiss (blitz)"]
[EventRounds "11"]
[EventCountry "USA"]
[SourceTitle "CBM 205 Extra"]
[Source "ChessBase"]
[SourceDate "2022.01.31"]
[SourceVersion "1"]
[SourceVersionDate "2022.01.31"]
[SourceQuality "1"]

1. c4 e6 2. Nf3 d5 3. g3 c6 4. Bg2 f5 5. 0-0 Nf6 6. Qc2 Bd6 7. d3 0-0 8. Nbd2 Kh8 9. e4 Be7 10. b3 Nbd7 11. Bb2 Nc5 12. Rad1 fxe4 13. dxe4 Ncxe4 14. Nxe4 Nxe4 15. Rfe1 Bd7 16. Rxe4 dxe4 17. Ne5 Bc5 18. Rxd7 Rxf2 19. Rxd8+ Rxd8 20. Qxf2 Bxf2+ 21. Kxf2 Rd2+ 22. Ke3 Rxb2 23. Bxe4 Rxa2 24. h4 Rb2 25. Nf7+ Kg8 26. Ng5 Rxb3+ 27. Kf4 e5+ 28. Kg4 h6 29. Nf3 Re3 30. Bg6 a5 31. h5 a4 32. Nh4 Kf8 33. Nf5 Re4+ 34. Kf3 Rxc4 35. Nd6 Rc3+ 36. Ke4 a3 37. Bf7 Ke7 38. Kxe5 Rd3 0-1

[Event "Titled Tuesday intern op 09th Nov"]
[Site "Chess.com INT"]
[Date "2021.11.09"]
[Round "4"]
[White "Dos Santos, Emmanuel"]
[Black "Barrionuevo, Pablo"]
[Result "1-0"]
[WhiteElo "2261"]
[BlackElo "2259"]
[PlyCount "141"]
[EventDate "2021.11.09"]
[EventType "swiss (blitz)"]
[EventRounds "11"]
[EventCountry "USA"]
[SourceTitle "CBM 205 Extra"]
[Source "ChessBase"]
[SourceDate "2022.01.31"]
[SourceVersion "1"]
[SourceVersionDate "2022.01.31"]
[SourceQuality "1"]

1. e4 c5 2. Nf3 Nc6 3. d4 cxd4 4. Nxd4 e5 5. Nb5 d6 6. c4 Be7 7. Be2 a6 8. N5a3 Nd4 9. Nc2 Nxc2+ 10. Qxc2 Be6 11. 0-0 Rc8 12. Qa4+ Kf8 13. Be3 Nf6 14. Nc3 Nd7 15. Rad1 Nc5 16. Qb4 Qc7 17. Nd5 Bxd5 18. cxd5 a5 19. Qc4 b6 20. Rc1 h6 21. a3 Bg5 22. b4 Bxe3 23. fxe3 axb4 24. axb4 g6 25. bxc5 bxc5 26. Qa6 Kg7 27. Rb1 Rb8 28. h3 h5 29. Bb5 Rb6 30. Qa5 Rhb8 31. Bd3 Qd8 32. Rxb6 Rxb6 33. Kh2 Qb8 34. Qe1 Rb3 35. Qf2 Qc7 36. Bc4 Rb4 37. Qc2 Qe7 38. Ra1 Qg5 39. Qd3 Rb2 40. Qf1 Qxe3 41. Ra7 Rf2 42. Qg1 Qf4+ 43. Kh1 Rf1 44. Bxf1 g5 45. Bc4 Kg6 46. Qf1 Qxf1+ 47. Bxf1 f5 48. exf5+ Kxf5 49. Ra6 e4 50. Be2 Ke5 51. Bc4 e3 52. Kg1 Kd4 53. Ba2 c4 54. Rc6 g4 55. Rxc4+ Kd3 56. hxg4 e2 57. Rc1 Kd2 58. Ra1 hxg4 59. Kf2 g3+ 60. Kxg3 Kc2 61. Re1 Kb2 62. Rxe2+ Kc3 63. Kf4 Kd4 64. Rf2 Kd3 65. Rf3+ Kd4 66. g4 Kc5 67. g5 Kb4 68. g6 Ka5 69. g7 Kb6 70. g8Q Kc5 71. Qc8+ 1-0

[Event "Titled Tuesday intern op 09th Nov"]
[Site "Chess.com INT"]
[Date "2021.11.09"]
[Round "3"]
[White "Nilssen, Ellen Fredericia"]
[Black "Barrionuevo, Pablo"]
[Result "1-0"]
[WhiteElo "2103"]
[BlackElo "2259"]
[PlyCount "85"]
[EventDate "2021.11.09"]
[EventType "swiss (blitz)"]
[EventRounds "11"]
[EventCountry "USA"]
[SourceTitle "CBM 205 Extra"]
[Source "ChessBase"]
[SourceDate "2022.01.31"]
[SourceVersion "1"]
[SourceVersionDate "2022.01.31"]
[SourceQuality "1"]

1. f3 d5 2. d4 c5 3. e3 Nc6 4. Bb5 Nf6 5. Ne2 Qb6 6. Nbc3 e6 7. a4 a6 8. a5 Qc7 9. Bxc6+ Qxc6 10. 0-0 Be7 11. Na4 0-0 12. Nb6 Rb8 13. b3 Rd8 14. Ba3 Bf8 15. Qd2 h6 16. Rfc1 Qe8 17. Bxc5 Bxc5 18. dxc5 e5 19. Qb4 Be6 20. Rd1 Qc6 21. Ng3 Nd7 22. Nxd7 Rxd7 23. Qb6 Rc8 24. Qxc6 Rxc6 25. b4 g6 26. Rd2 Rc8 27. Rad1 Rcd8 28. Kf2 h5 29. Ne2 f6 30. h4 Kf7 31. f4 Bg4 32. Rb1 Bxe2 33. Kxe2 d4 34. fxe5 fxe5 35. b5 axb5 36. Rxb5 Ke6 37. Rb6+ Kf5 38. exd4 exd4 39. Rd3 Re8+ 40. Kd2 Re4 41. Rf3+ Kg4 42. Rxg6+ Kxh4 43. Rh3# 1-0

[Event "Titled Tuesday intern op 02nd Nov"]
[Site "Chess.com INT"]
[Date "2021.11.02"]
[Round "7"]
[White "Saito, Vinicius Ikezu"]
[Black "Barrionuevo, Pablo"]
[Result "1-0"]
[WhiteElo "2125"]
[BlackElo "2259"]
[PlyCount "155"]
[EventDate "2021.11.02"]
[EventType "swiss (blitz)"]
[EventRounds "11"]
[EventCountry "USA"]
[SourceTitle "CBM 205 Extra"]
[Source "ChessBase"]
[SourceDate "2022.01.31"]
[SourceVersion "1"]
[SourceVersionDate "2022.01.31"]
[SourceQuality "1"]

1. e4 d6 2. d4 Nf6 3. Nc3 g6 4. f3 c6 5. Be3 Nbd7 6. Qd2 b5 7. Bh6 Bxh6 8. Qxh6 Qb6 9. 0-0-0 e5 10. Nge2 b4 11. Na4 Qa5 12. b3 Ba6 13. dxe5 dxe5 14. Kb1 0-0-0 15. Qe3 Bb5 16. Nb2 Nb6 17. Rxd8+ Rxd8 18. Nc1 Bxf1 19. Rxf1 Qb5 20. Ncd3 Kb7 21. Rd1 Nfd5 22. exd5 Nxd5 23. Nc5+ Kc8 24. Rxd5 Rxd5 25. Ncd3 a5 26. Nc4 Kb7 27. Ncxe5 Qb6 28. Qxb6+ Kxb6 29. Nc4+ Kb5 30. Kc1 f6 31. Kd2 c5 32. Ke3 a4 33. h3 a3 34. Nd2 Rd7 35. g4 Re7+ 36. Kf2 f5 37. Nc4 fxg4 38. hxg4 h5 39. Nce5 Re6 40. Kg3 Rd6 41. gxh5 gxh5 42. f4 Rd8 43. Kh4 Rh8 44. f5 Rf8 45. Kg5 h4 46. f6 h3 47. f7 h2 48. Nf2 Rh8 49. Nh1 c4 50. Kg6 cxb3 51. cxb3 Kc5 52. Kg7 Ra8 53. f8Q+ Rxf8 54. Kxf8 Kd4 55. Nc6+ Kc3 56. Ke7 Kc2 57. Nxb4+ Kb2 58. Kd6 Kc3 59. Kc5 Kd2 60. Nd5 Ke2 61. Nf6 Kf3 62. b4 Kg2 63. Ng4 Kxh1 64. Nxh2 Kxh2 65. b5 Kg3 66. b6 Kf4 67. b7 Ke5 68. b8Q+ Ke4 69. Qb3 Ke5 70. Qxa3 Kf5 71. Qe3 Kf6 72. a4 Kf7 73. a5 Kf8 74. a6 Kf7 75. a7 Kf6 76. a8Q Kf7 77. Qaf3+ Kg6 78. Qg1+ 1-0

[Event "Speed Chess GP3"]
[Site "Chess.com INT"]
[Date "2021.10.02"]
[Round "10"]
[White "Barrionuevo, Pablo"]
[Black "Odegov, Artem"]
[Result "0-1"]
[WhiteElo "2259"]
[BlackElo "2286"]
[PlyCount "94"]
[EventDate "2021.10.02"]
[EventType "swiss (blitz)"]
[EventRounds "10"]
[EventCountry "USA"]
[SourceTitle "CBM 204 Extra"]
[Source "ChessBase"]
[SourceDate "2021.11.30"]
[SourceVersion "1"]
[SourceVersionDate "2021.11.30"]
[SourceQuality "1"]

1. c4 Nf6 2. g3 g6 3. Bg2 Bg7 4. Nc3 0-0 5. e4 d6 6. Nge2 c5 7. h3 Nc6 8. 0-0 Nd4 9. a3 Be6 10. d3 Qd7 11. Nf4 Rab8 12. Rb1 a6 13. b4 b5 14. cxb5 axb5 15. h4 Bg4 16. f3 Bh5 17. Bh3 Qa7 18. g4 cxb4 19. axb4 Nxf3+ 20. Kh1 Nxg4 21. Nxh5 Nf2+ 22. Rxf2 Qxf2 23. Rb2 Qxh4 24. Qxf3 Qe1+ 25. Bf1 Qxc1 26. Nxg7 Qxb2 27. Nd5 Kxg7 28. Nxe7 Qf6 29. Qxf6+ Kxf6 30. Nd5+ Ke5 31. Kg2 Rfc8 32. Kf3 Kd4 33. Kf4 f5 34. Nf6 fxe4 35. dxe4 Rf8 36. Kg5 Rxf6 37. Kxf6 Rf8+ 38. Ke7 Rxf1 39. e5 dxe5 40. Ke6 e4 41. Kd6 e3 42. Kc6 e2 43. Kxb5 e1Q 44. Kb6 Qe6+ 45. Ka5 Rf5+ 46. b5 Kc3 47. Ka4 Qa2# 0-1

[Event "Speed Chess GP3"]
[Site "Chess.com INT"]
[Date "2021.10.02"]
[Round "5"]
[White "Barrionuevo, Pablo"]
[Black "Romanchuk, Viktor"]
[Result "0-1"]
[WhiteElo "2259"]
[BlackElo "2266"]
[PlyCount "44"]
[EventDate "2021.10.02"]
[EventType "swiss (blitz)"]
[EventRounds "10"]
[EventCountry "USA"]
[SourceTitle "CBM 204 Extra"]
[Source "ChessBase"]
[SourceDate "2021.11.30"]
[SourceVersion "1"]
[SourceVersionDate "2021.11.30"]
[SourceQuality "1"]

1. c4 c6 2. g3 d5 3. Bg2 Nf6 4. Nf3 Bg4 5. cxd5 Bxf3 6. Bxf3 cxd5 7. Qb3 Qd7 8. 0-0 Nc6 9. e3 h5 10. Nc3 h4 11. Nxd5 hxg3 12. fxg3 0-0-0 13. Nxf6 exf6 14. d4 Bd6 15. Bd2 Qh3 16. Rf2 Bxg3 17. hxg3 Qxg3+ 18. Bg2 Rh2 19. Kf1 Rdh8 20. Rc1 Rxg2 21. Rxg2 Rh1+ 22. Ke2 Qxg2+ 0-1

[Event "Titled Tuesday intern op 14th Sept"]
[Site "Chess.com INT"]
[Date "2021.09.14"]
[Round "1"]
[White "Barrionuevo, Pablo"]
[Black "Tanenbaum, Zachary Chen"]
[Result "1-0"]
[WhiteElo "2259"]
[BlackElo "2134"]
[PlyCount "149"]
[EventDate "2021.09.14"]
[EventType "swiss (blitz)"]
[EventRounds "11"]
[EventCountry "USA"]
[SourceTitle "EXT 2022"]
[Source "ChessBase"]
[SourceDate "2021.10.06"]
[SourceVersion "1"]
[SourceVersionDate "2021.10.06"]
[SourceQuality "1"]

1. c4 e5 2. Nc3 Nf6 3. g3 Nc6 4. Bg2 Bc5 5. e3 0-0 6. Nge2 d6 7. a3 Re8 8. b4 Bb6 9. d3 Bf5 10. h3 h5 11. 0-0 Qd7 12. Kh2 Rad8 13. d4 exd4 14. exd4 Ne4 15. Be3 h4 16. g4 Bg6 17. Nd5 Ne7 18. Ndf4 d5 19. c5 Nc8 20. cxb6 Nxb6 21. Nxg6 fxg6 22. Bf4 g5 23. Be5 Nc4 24. Qc2 Nxe5 25. dxe5 Rxe5 26. Rad1 c6 27. Nd4 g6 28. Rfe1 Rde8 29. f3 Nd6 30. Qc1 Nc4 31. Rxe5 Rxe5 32. Re1 Qd6 33. Kh1 Qe7 34. Rxe5 Qxe5 35. Nb3 Ne3 36. Qe1 d4 37. Nc5 Qd5 38. Ne4 Qa2 39. Bf1 Qxa3 40. Nxg5 Qc3 41. Qxh4 Kf8 42. Qh7 Qb3 43. Qh8+ Ke7 44. Qe5+ Kd7 45. Qxd4+ Kc8 46. Qd3 Qxd3 47. Bxd3 b6 48. Ne4 a5 49. bxa5 bxa5 50. Nc3 Kc7 51. Kg1 Kd6 52. Kf2 Nd5 53. Nxd5 Kxd5 54. Bxg6 a4 55. Be4+ Kc4 56. Bxc6 a3 57. Be8 Kc3 58. Bf7 Kd4 59. h4 Ke5 60. h5 Kf6 61. Ba2 Kg5 62. Kg3 Kh6 63. f4 Kg7 64. Kh4 Kh6 65. g5+ Kh7 66. Kg4 Kg7 67. f5 Kh7 68. f6 Kh8 69. Bb1 Kg8 70. Kf5 Kh8 71. g6 a2 72. g7+ Kh7 73. Bxa2 Kh6 74. g8Q Kxh5 75. Qg5# 1-0